Latinalaisen Amerikan valtiot kartalla - Statistics

Yleistilastot
  • Tätä visaa on pelattu 793 kertaa
  • Keskiarvotulos 17 / 20
Vastaukset kartalla
Vastauksille on annettu kartalla punavihreä väri sen mukaan, kuinka moni on saanut sen oikein.
 
Vastaustilastot
Vastaus % Oikein
Meksiko
97%
Brasilia
93%
Chile
92%
Argentiina
91%
Bolivia
88%
Kuuba
88%
Peru
88%
Paraguay
87%
Kolumbia
86%
Venezuela
86%
Panama
85%
Dominikaaninen tasavalta
84%
Ecuador
83%
Uruguay
83%
Haiti
78%
El Salvador
77%
Costa Rica
76%
Nicaragua
75%
Guatemala
74%
Honduras
71%
Ehtoja vastaavia visoja ei löytynyt
Tulosjakauma
Jokaisen tuloksen saaneiden osuus
Persentiili vastausten määrän mukaan
Tuloshistoriasi
Et ole pelannut tätä visaa